| 000 | 00943nam a2200265 i 4500 | ||
|---|---|---|---|
| 003 | DO-SdBNP | ||
| 005 | 20230713133039.0 | ||
| 006 | a||||ar|||| 00| 0 | ||
| 007 | ta | ||
| 008 | 110301e1994 dr a j 000 0 spa d | ||
| 040 |
_aDO-SdBNP _bspa _cBNPHU _erda |
||
| 082 | 4 |
_222 _bD611a |
|
| 100 | 1 |
_aDisla, Reynaldo _953018 _d1956- |
|
| 245 | 1 | 0 |
_a¡Ay, papá, no me des! / _cReynaldo Disla ; diagramación y coloreado digital: Iván de la Cruz |
| 246 | 1 | 4 |
_a¡Ay, papá, no me des!: _b¡ni golpes que duelen, ni palabras que hieren! |
| 264 | 1 |
_aSanto Domingo : _bBiblioteca Infantil y Juvenil, _c[sin fecha] |
|
| 300 |
_a23 páginas : _bIlustraciones ; _c21 cm. |
||
| 336 |
_2rdaconten _atexto _btxt |
||
| 337 |
_2rdamedia _asin medición _bn |
||
| 338 |
_2rdacarrier _avolumen _bnc |
||
| 521 | _aInfantil | ||
| 590 | _aInventariado, 2023 / MF | ||
| 700 | 1 |
_aCruz, Iván de la _ediagramación y coloreado digital. _981437 |
|
| 942 |
_2ddc _cLF2 |
||
| 999 |
_c51856 _d51856 |
||